[Event "89_| Campeonato Brasileiro 2023"]
[Site "Recife"]
[Date "2023.12.14"]
[Round "1.1"]
[White "Supi, Luis Paulo"]
[Black "Dos Santos, Vinicius Barbosa"]
[Result "1-0"]
[WhiteElo "2579"]
[BlackElo "1745"]
[PlyCount "81"]
[EventDate "2023.??.??"]
[EventCountry "BRA"]
[TimeControl "90+30"]
[WhiteClock "1:23:07"]
[BlackClock "0:38:24"]

{[%evp 15,81,48,188,194,287,285,265,260,263,266,299,298,290,300,338,343,359,
320,313,282,318,282,286,281,335,340,396,383,399,401,393,381,387,365,339,334,
330,320,310,277,280,282,364,378,375,367,368,370,360,314,479,485,484,484,468,
475,468,467,488,383,563,556,567,569,560,554,543,533]} 1. e4 {[%emt 0:00:00]} c5
{[%emt 0:00:00]} 2. Nf3 {[%emt 0:00:00]} d6 {[%emt 0:00:00]} 3. Nc3 {[%emt 0:
00:00]} Nc6 {[%emt 0:00:00]} 4. d4 {[%emt 0:00:00]} cxd4 {[%emt 0:00:00]} 5.
Nxd4 {[%emt 0:00:00]} Nf6 {[%emt 0:00:00]} 6. Bg5 {[%emt 0:00:00]} e6 {[%emt 0:
00:00]} 7. Qd2 {[%emt 0:00:00]} Be7 {[%emt 0:00:00]} 8. O-O-O {[%emt 0:00:00]}
Bd7 {[%eval 188,25] [%emt 0:00:00]} ({Better is} 8... O-O $14 {[%eval 48,26]})
9. Ndb5 $18 {[%emt 0:00:00] B63: Sicilian: Richter-Rauzer: 7...Be7 and unusual
Black 7th moves.} Qb8 {[%eval 287,25] [%emt 0:00:00]} (9... O-O $142 {[%eval
194,26]}) 10. Nxd6+ {[%emt 0:00:00]} Bxd6 {[%emt 0:00:00]} 11. Qxd6 {[%emt 0:
00:00] White has a decisive advantage.} Qxd6 {[%emt 0:00:00]} 12. Rxd6 {
[%emt 0:00:00]} O-O-O $146 {[%emt 0:00:00]} ({Predecessor:} 12... Ke7 13. Rd2
h6 14. Bh4 g5 15. Bg3 a6 16. Bd6+ Ke8 17. Be2 b5 18. a3 Ng8 19. Rhd1 Bc8 20.
Bxb5 axb5 21. Nxb5 {1-0 (21) Saathoff,R (2053)-Surinya,T (2001) Bayern 2016})
13. Be2 {[%emt 0:00:00]} h6 {[%emt 0:00:00]} 14. Be3 {[%emt 0:00:00]} Ne8 {
[%emt 0:00:00]} 15. Rd2 {[%emt 0:00:00]} Nc7 {[%emt 0:00:00]} 16. Rhd1 {
[%emt 0:00:00]} b6 {[%emt 0:00:00]} 17. f3 {[%emt 0:00:00]} Be8 {[%emt 0:00:00]
} 18. Nb1 {[%emt 0:00:00][%cal Bc3b1,Bb1a3,Ba3c4][%mdl 32]} f6 {[%emt 0:00:00]}
19. Na3 {[%emt 0:00:00]} Bf7 {[%emt 0:00:00]} 20. Nc4 {[%emt 0:00:00]} Ne8 {
[%emt 0:00:00]} 21. Rxd8+ {[%emt 0:00:00]} Nxd8 {[%emt 0:00:00]} 22. a4 {
[%emt 0:00:00]} Nc6 {[%emt 0:00:00]} 23. c3 {[%emt 0:00:00]} e5 {[%emt 0:00:00]
} 24. b4 {[%emt 0:00:00]} Bxc4 {[%emt 0:00:00]} 25. Bxc4 {[%emt 0:00:00]} Kc7 {
[%emt 0:00:00]} 26. Kc2 {[%emt 0:00:00]} Nd6 {[%emt 0:00:00]} 27. Be2 {[%emt 0:
00:00]} Rd8 {[%emt 0:00:00]} 28. a5 {[%emt 0:00:00]} Ra8 {[%emt 0:00:00]} 29.
axb6+ {[%emt 0:00:00][%mdl 64] [#] Overworked Piece} axb6 {[%emt 0:00:00]} 30.
Bxb6+ {[%emt 0:00:00]} Kxb6 {[%emt 0:00:00]} 31. Rxd6 {[%emt 0:00:00][%mdl
4096] Endgame KRB-KRN} Ra2+ {[%emt 0:00:00]} 32. Kd1 {[%emt 0:00:00] Strongly
threatening b5.} Kc7 {[%eval 479,28] [%emt 0:00:00]} (32... Ra1+ {[%eval 314,
29] might work better.} 33. Kc2 Ra2+ 34. Kd3 Kc7) 33. Rd2 {[%emt 0:00:00]} Ra3
{[%emt 0:00:00]} 34. Kc2 {[%emt 0:00:00]} Ra2+ {[%emt 0:00:00]} 35. Kd3 {
[%emt 0:00:00]} Ra3 {[%emt 0:00:00]} 36. Kc4 {[%emt 0:00:00]} Nb8 {[%emt 0:00:
00]} 37. Rd5 {[%emt 0:00:00]} Nd7 {[%eval 563,26] [%emt 0:00:00]} (37... Ra2
$142 {[%eval 383,28]} 38. Kd3 Nc6) 38. Ra5 {[%emt 0:00:00] White is clearly
winning.} Nb6+ {[%emt 0:00:00]} 39. Kb5 {[%emt 0:00:00]} Rxa5+ {[%emt 0:00:00]}
40. Kxa5 {[%emt 0:00:00]} Nc8 {[%emt 0:00:00]} 41. Kb5 {[%emt 0:00:00]
Accuracy: White = 89%, Black = 55%.} 1-0

[Event "89_| Campeonato Brasileiro 2023"]
[Site "Recife"]
[Date "2023.12.14"]
[Round "1.2"]
[White "De Mesquita, Igor Ming"]
[Black "Mekhitarian, Krikor Sevag"]
[Result "0-1"]
[WhiteElo "1725"]
[BlackElo "2559"]
[PlyCount "33"]
[EventDate "2023.??.??"]
[EventCountry "BRA"]
[WhiteClock "0:53:26"]
[BlackClock "0:44:27"]

{[%evp 9,33,27,10,-16,-12,-24,-17,-24,-24,-67,-62,-73,-64,-57,-59,-83,-6,-23,
-14,-82,-52,-153,-154,-275,-147,-217]} 1. e4 c5 2. Nf3 e6 3. d4 cxd4 4. Nxd4
Nc6 5. Be2 Nf6 6. Nxc6 {B44: Sicilian: Taimanov: 5 Nb5.} bxc6 7. Nd2 d5 8. Bd3
{The position is equal.} Bd6 9. Qe2 {[#] Hoping for e5.} Qc7 10. h3 O-O 11. O-O
e5 12. Re1 g6 $146 {[%eval -6,27]} (12... Nd7 $17 {[%eval -83,25]}) ({
Predecessor:} 12... Be6 13. c4 dxe4 14. Bxe4 Nd7 15. Nb3 a5 16. a4 f5 17. Bc2
c5 18. Bd2 e4 {0-1 (37) Okilov,N (1993)-Vokhidov,S (2343) Dushanbe 2015}) 13.
c3 Nh5 14. Bc2 {[%eval -82,24]} (14. Nf3 $11 {[%eval -14,27]}) 14... Nf4 $17
15. Qf1 {[%eval -153,26]} (15. Qd1 $1 $15 {[%eval -52,28]}) 15... a5 16. b3 {
[%eval -275,24] [#]} (16. Bd3 $17 {[%eval -154,25]}) 16... a4 $1 {[%eval -147,
30][%mdl 512]} 17. Rb1 {[%eval -217,23] Accuracy: White = 28%, Black = 70%.} (
17. Nf3 $17 {[%eval -147,30]}) (17. bxa4 f5) 0-1

[Event "89_| Campeonato Brasileiro 2023"]
[Site "Recife"]
[Date "2023.12.14"]
[Round "1.3"]
[White "Fier, Alexandr"]
[Black "Macedo, Alexandre Soares"]
[Result "1-0"]
[WhiteElo "2545"]
[BlackElo "1718"]
[Annotator "MI Luis Rodi"]
[PlyCount "59"]
[EventDate "2023.??.??"]
[EventCountry "BRA"]
[WhiteClock "1:27:34"]
[BlackClock "0:28:34"]

{[%evp 9,59,-85,-40,-44,16,13,14,31,42,17,18,18,28,27,25,17,11,12,442,441,435,
440,440,436,444,442,444,400,447,437,440,432,452,445,478,440,477,474,466,476,
500,460,466,459,449,448,439,439,566,565,550,539] O hotel Jangadeiro da capital
pernambucana, Recife, volta a sediar a final do campeonato brasileiro nacional
de xadrez, na sua edição 89. São, nesta oportunidade, cento e oitenta e
três participantes, incluindo oito grandes mestres: uma prova excepcional. A
primeira rodada, realizada com adversários com grande diferença de rating,
não teve surpresas, e todos os favoritos a ganhar o título conquistaram o
ponto. O atual campeão, grande mestre Alexandr Fier, voltou na oportunidade a
um dos seus grandes amores da juventude: o venerável Gambito de Rei, que foi
enfrentado pelo potiguar Alexandre Soares de Macedo com a mais clássica das
réplicas, 2...exf4 3.Cf3 g5. Que aconteceu? A seguir} 1. e4 e5 2. f4 {[#] Nas
minhas bases há não menos de quarenta partidas oficiais com Alexandr jogando
Gambito de Rei -embora ele deve ter jogado muitas mais que isso, uma abertura
da era romântica que se presta muito bem às habilidades táticas do atual
campeão brasileiro. Mencionada no manuscrito de Gottingen, analisada por Ruy
Lopez e Salvio, favorecida por mestres do ataque como Anderssen o Morphy, na
atualidade não é tão comum nos torneios da elite, mais que nada por uma
questão prática as brancas precisam de uma memória enciclopédica para
lembrar centenas de detalhes em cada uma das innúmeras linhas que as pretas
podem se opor. (MI Luis Rodi)} exf4 {A forma mais clássica de enfrentar o
Gambito. As pretas podem também declinar a ferta com 2...d5 ou 2...Bc5, mas
um verdadeiro cavaleiro jamais vai rechazar um reto em uma linha de abertura
tão histórica quanto esta! Ainda quando Fier mostra estatísticas nesta
posição que o deixam perto do oitenta por cento de efetividade. (MI Luis
Rodi)} 3. Nf3 {Esta é a principal preferência do condutor das brancas,
porém também tem empregado a opção 3. Bc4, favorita de Fischer e Judith
Polgar, embora hoje talvez não esteja no melhor momento teórico. Em todo
caso o último jogo de Alex com o lance do bispo foi em 2016. (MI Luis Rodi)}
g5 {Alexandre segue no estilo mais clássico, revivendo a continuação de
moda do século XIX. Sempre observei este lance como uma ideia agressiva das
pretas, mais que uma forma de defender o peão. As brancas, claro, podem
responder de forma mais agressiva ainda, com ideias como 4.Bc4 tentando sorte
no Muzio, e o mesmo Fier experimentou também com a variante Quaade, 4.Cc3,
não menos selvagem, ou a ideia de Rosentreter, 4.d4. Porém a que segue é a
linha principal, algo mais sólida. (MI Luis Rodi)} 4. h4 g4 5. Ne5 {Best by
test. Que eu saiba, Fier nunca experimentou com a linha de Allgaier, 5.Cg5.
Depois do salto de cavalo ao centro, as pretas dispõem de uma grande
quantidade de opções. 5...Cf6 é a mais clássica, embora muito complicada,
enquanto a que segue é uma moderna recomendação teórica, prometendo um
equilíbrio sem muito risco para o segundo jogador. (MI Luis Rodi)} d6 6. Nxg4
{C39: King's Gambit Accepted: 3 Nf3 g5 4 h4.} h5 {[%eval 16,26] Porém este
lance é uma raridade (varinate do Látigo Longo [5. h5]. A linha teórica
continua com a opção com} (6... Nf6 7. Nxf6+ $1 Qxf6 8. Nc3 Nc6 $11 {foi
utilizada em outro jogo válido pelo campeonato brasileiro por Fier, ante o GM
Rafael Leitão, em Guarulhos 2006. (MI Luis Rodi)}) ({Black should try} 6...
Nc6 $15 {[%eval -44,27]}) 7. Nf2 $11 Be7 {As pretas vão novamente por um
peão que lhes assegure vantagem material, embora momentaneamente, mas o custo
em tempos utilizados pode ser alto. Ainda era tempo de jogar} (7... Nf6 {
embora a posição preta seja aqui menos clara que na linha principal.} 8. d4
Bh6 9. Nc3 Nc6 {Jerez Perez - Loktiev, Barcelona 1994} 10. Bb5 $5) (7... Nc6 {
Seria outra possibilidade.}) 8. d4 {The position is equal.} Bxh4 9. Bxf4 Bxf2+
$1 {Embora seja a melhor possibilidade para as pretas, fica a dica: nunca
pense que o rei branco fica triste quando perde o direito de fazer o roque no
Gambito.} 10. Kxf2 {Strongly threatening Nc3.} Qf6 11. Qd2 $36 {[%mdl 2048]
aiming for Nc3. White is pushing.} Nc6 $146 {[#]} ({Predecessor:} 11... Nh6 12.
Kg1 Ng4 13. Nc3 c6 14. e5 dxe5 15. Bxe5 Nxe5 16. dxe5 Qe7 17. Ne4 Be6 {1/2-1/2
(46) Nassar,M (1911)-Mikati,H (1693) Beirut 2017}) 12. e5 {Depois deste lance
o resultado da abertura é claro: o desenvolvimento branco é melhor, o rei em
e8 não se encontra mais seguro que o rei branco em f2, e as brancas controlam
o centro.} dxe5 13. dxe5 {[#]} Nxe5 $2 {[%eval 442,21] [#] Este lancde é
muito arriscado e supera os limites de qualquer ato cavaleresco. A
cravadachega como uma sombra da morte.} (13... Qe6 $1 14. Na3 $14) (13... Qf5 {
[%eval 75,28] 13...Qe6 0.15} 14. Nc3 $14) (13... Qe6 $1 $11 {[%eval 12,28] and
Black is okay.}) 14. Qe3 $1 $18 Nh6 {Um truque refutado pelo lance seguinte
das brancas e já não há como defender a peça. And now ...Nhg4+ would win.}
15. Be2 Nhg4+ 16. Bxg4 $1 Bxg4 17. Qxe5+ Qxe5 18. Bxe5 {As brancas ganharam
uma peça e o resto é simples. O peão que a câmbio mostraram as pretas é
um pequeno botin, e enquanto eslas tentam criar alguma preocupação ao rei
branco, não conseguem mais que obrigá-lo a se esconder.} Rh6 19. Nd2 {
White is clearly winning.} O-O-O 20. Nf3 Re6 {With the idea ...Bxf3.} 21. Bc3
b5 {Obviamente, as brancas já não estão em condição de ter medo de
avanços como este, apesar dos pedido de segurança do seu rei.} 22. Rae1 Rc6
23. Ne5 Rc5 (23... Rf6+ 24. Kg1 $18) 24. Nxg4 hxg4 25. Kg3 b4 26. Bxb4 Rxc2 27.
Bc3 {"La puerta se cerró detrás de ti / y nunca más volviste a aparecer"}
Rd3+ 28. Kh2 Kd7 29. Rd1 Rd6 30. Kg3 {[#] Accuracy: White = 88%, Black = 61%.}
1-0

[Event "89_| Campeonato Brasileiro 2023"]
[Site "Recife"]
[Date "2023.12.14"]
[Round "1.4"]
[White "Monteiro, Aldus Daniel F de S"]
[Black "Diamant, Andre"]
[Result "0-1"]
[WhiteElo "1709"]
[BlackElo "2513"]
[PlyCount "44"]
[EventDate "2023.??.??"]
[EventCountry "BRA"]
[WhiteClock "0:39:57"]
[BlackClock "1:25:36"]

{[%evp 20,44,2,0,6,0,6,3,4,6,9,11,17,14,18,0,0,-52,-40,-45,-10,-132,-132,-255,
-257,-301,-298]} 1. e4 c5 2. c3 Nf6 3. e5 Nd5 4. d4 cxd4 5. Nf3 Nc6 6. cxd4 d6
7. Bc4 Nb6 8. Bb5 dxe5 9. Nxe5 Bd7 10. Nxd7 Qxd7 11. Nc3 Rd8 {B22: Sicilian: 2
c3.} 12. Be3 e6 13. Qf3 Be7 {The position is equal.} 14. O-O O-O 15. Rfd1 a6
16. Bxc6 bxc6 17. Ne4 $146 ({Predecessor:} 17. Qe2 Qb7 18. Rac1 a5 19. b3 Ra8
20. h3 Rfc8 21. Rc2 a4 22. Nxa4 Nxa4 23. bxa4 Rxa4 {1/2-1/2 (92) Vachier
Lagrave,M (2778)-Giri,A (2764) chess24.com INT 2020}) 17... Nd5 18. Nc5 Bxc5
19. dxc5 e5 20. Rd2 {[%eval -132,23]} (20. Bd2 $11 {[%eval -10,31] keeps the
balance.}) 20... f5 $17 {And now ...f4 would win.} 21. Bg5 {[%eval -255,24] [#]
} (21. Rdd1 $17 {[%eval -132,27] was worth a try.}) 21... Rde8 $1 $19 22. h3 f4
{Accuracy: White = 42%, Black = 91%.} 0-1

[Event "89_| Campeonato Brasileiro 2023"]
[Site "Recife"]
[Date "2023.12.14"]
[Round "1.5"]
[White "Quintiliano Pinto, Renato Rodrigues"]
[Black "De Vasconcelos, Arthur Silva"]
[Result "1-0"]
[WhiteElo "2489"]
[BlackElo "1700"]
[PlyCount "49"]
[EventDate "2023.??.??"]
[EventCountry "BRA"]
[TimeControl "90+30"]

{[%evp 9,49,142,146,161,165,159,162,146,267,267,247,186,307,295,427,411,538,
540,679,406,530,489,484,495,609,615,603,619,618,610,802,725,734,747,29984,
29985,29990,929,29990,29991,29993,29994]} 1. d4 {[%emt 0:00:00]} Nf6 {[%emt 0:
00:00]} 2. Nf3 {[%emt 0:00:00]} g6 {[%emt 0:00:00]} 3. c4 {[%emt 0:00:00]} d5 {
[%emt 0:00:00]} 4. cxd5 {[%emt 0:00:00]} Qxd5 {[%emt 0:00:00]} 5. Nc3 {[%emt 0:
00:00]} Qa5 {[%emt 0:00:00]} 6. Bd2 {[%emt 0:00:00] D70: Grünfeld: Unusual
White 3rd moves (met by ...d5).} c6 {[%emt 0:00:00]} 7. e4 {[%emt 0:00:00]} Bg7
{[%emt 0:00:00]} 8. Bc4 {[%emt 0:00:00] White is clearly better.} O-O {[%eval
267,24] [%emt 0:00:00]} (8... Qd8 $16 {[%eval 146,27]} 9. e5 Nd5) 9. e5 $18 {
[%emt 0:00:00]} Ne8 {[%emt 0:06:00]} 10. Qb3 {[%emt 0:00:00]} e6 $146 {[%eval
307,26] [%emt 0:00:00]} (10... Qb6 {[%eval 186,24] keeps fighting.} 11. Bg5 Qc7
) ({Predecessor:} 10... Qb6 11. Bg5 Qc7 12. Qa3 Be6 13. Bxe6 fxe6 14. Bxe7 Rf7
15. Bd6 Nxd6 16. exd6 Qb6 {1-0 (34) Reuter,A (1841)-Hausmann,H (1680) DESC
email 2001}) 11. h4 {[%emt 0:00:00]} Qd8 {[%eval 427,24] [%emt 0:00:00]} (11...
Qb6 $142 {[%eval 295,28]} 12. h5 Qxb3 13. Bxb3 (13. axb3 Nc7 $16) 13... Nc7)
12. h5 {[%emt 0:00:00]} Nc7 {[%emt 0:00:00]} 13. Ne4 {[%emt 0:00:00]} Ne8 {
[%emt 0:00:00]} 14. Nc3 {[%emt 0:00:00]} Nc7 {[%emt 0:02:30]} 15. hxg6 {
[%emt 0:09:00]} fxg6 {[%emt 0:00:30]} 16. Ne4 {[%emt 0:00:30]} Nd5 {[%emt 0:00:
30] [#]} 17. Rxh7 $3 {[%emt 0:00:30][%mdl 512]} Kxh7 {[%emt 0:00:30]} 18. Nfg5+
{[%emt 0:00:30]} Kg8 {[%emt 0:00:30] and if ...Bh6 works, Black does fine.} 19.
Qh3 {[%emt 0:00:30][%csl Gg5][%cal Rh3h7]} Rf5 {[%emt 0:00:30]} 20. Qh7+ {
[%emt 0:00:30]} Kf8 {[%emt 0:00:30]} 21. Bxd5 {[%emt 0:00:30]} cxd5 {[%emt 0:
00:30]} 22. Bb4+ {[%emt 0:00:30]} Ke8 {[%emt 0:00:30]} 23. Qg8+ {[%eval 929,29]
[%emt 0:00:30]} (23. Rc1 $142 {[%eval 32748,57]} Nc6 24. Qxg6+ Kd7 25. Qxg7+
Qe7 26. Bxe7 Rf7 27. Qxf7 Kc7 28. Bc5+ Bd7 29. Nxe6+ Kc8 30. Qg8+ Be8 31. Qxe8+
Nd8 32. Qxd8#) 23... Kd7 {[%emt 0:00:30]} 24. Nc5+ {[%emt 0:00:30][%mdl 64] [#]
Double Attack} Kc7 {[%emt 0:00:30]} 25. Ngxe6+ {[%emt 0:00:30] Accuracy: White
= 76%, Black = 24%.} 1-0

[Event "89_| Campeonato Brasileiro 2023"]
[Site "Recife"]
[Date "2023.12.14"]
[Round "1.6"]
[White "Da Silva, Claus Benicio"]
[Black "Di Berardino, Diego Rafael"]
[Result "0-1"]
[WhiteElo "1697"]
[BlackElo "2477"]
[PlyCount "50"]
[EventDate "2023.??.??"]
[EventCountry "BRA"]
[TimeControl "90+30"]
[WhiteClock "1:04:36"]
[BlackClock "1:23:40"]

{[%evp 18,50,-22,-34,-18,-61,-53,-104,-104,-114,-96,-185,-183,-179,-192,-365,
-354,-356,-355,-438,-441,-434,-435,-505,-478,-475,-447,-642,-640,-624,-638,
-692,-697,-682,-687]} 1. c4 {[%emt 0:00:00]} c5 {[%emt 0:00:00]} 2. g3 {
[%emt 0:00:00]} Nf6 {[%emt 0:00:00]} 3. Bg2 {[%emt 0:00:00]} d5 {[%emt 0:00:00]
} 4. cxd5 {[%emt 0:00:00]} Nxd5 {[%emt 0:00:00]} 5. Nf3 {[%emt 0:00:00]} Nc6 {
[%emt 0:00:00]} 6. Nc3 {[%emt 0:00:00]} Nc7 {[%emt 0:00:00]} 7. O-O {[%emt 0:
00:00]} e5 {[%emt 0:00:00]} 8. d3 {[%emt 0:00:00]} Be7 {[%emt 0:00:00]} 9. b3 {
[%emt 0:00:00]} O-O {[%emt 0:00:00]} 10. Bb2 {[%emt 0:00:00]} f6 {[%emt 0:00:
00] A34: Symmetrical English: 2 Nc3, lines with ...d5.} 11. a3 {[%emt 0:00:00]}
Be6 {[%emt 0:00:00]} 12. Qc2 {[%emt 0:00:00]} Rc8 {[%emt 0:00:00] Black is
better.} 13. Rac1 $146 {[%emt 0:00:00]} ({Predecessor:} 13. e3 Na6 14. Rfd1 Qe8
15. Nd2 Qf7 16. Nc4 b5 17. Nxb5 Bd5 18. Nc3 Bxg2 19. Kxg2 {1-0 (33) Schoettker,
J (1785)-Deuer,M (1919) Playchess.com INT 2020}) 13... Qd7 {[%emt 0:00:00]} 14.
Rfd1 {[%eval -185,24] [%emt 0:00:00]} (14. Ne4 $17 {[%eval -96,27]}) 14... Nd4
$19 {[%emt 0:00:00]} 15. Nxd4 {[%emt 0:00:00]} cxd4 {[%emt 0:00:00]} 16. Nb1 $2
{[%eval -365,26] [%emt 0:00:00] [#]} (16. Ne4 {[%eval -192,28] was the only
defense.}) 16... Na6 {[%emt 0:00:00]} 17. Qd2 {[%emt 0:00:00]} Nc5 {[%emt 0:00:
00]} (17... Bxb3 $2 18. Rxc8 Rxc8 19. Rc1 $19) 18. Rxc5 {[%emt 0:00:00]} Rxc5 {
[%emt 0:00:00] Black is clearly winning.} ({Resist} 18... Bxc5 19. b4 $19) 19.
b4 {[%emt 0:00:00]} Rc7 {[%emt 0:00:00]} 20. Rc1 {[%emt 0:00:00]} Rfc8 {
[%emt 0:00:00] [#] Threatens to win with ...Rxc1+.} 21. Qd1 {[%emt 0:00:00]} b5
{[%emt 0:00:00] White must now prevent ...Rxc1.} 22. Nd2 {[%eval -642,25] 
[%emt 0:00:00]} (22. h4 $142 {[%eval -447,27]}) 22... Rxc1 {[%emt 0:00:00]} 23.
Bxc1 {[%emt 0:00:00]} Qc7 {[%emt 0:00:00]} 24. Nb3 {[%emt 0:00:00]} Qc2 {
[%emt 0:00:00]} 25. Qxc2 {[%emt 0:00:00]} Rxc2 {[%emt 0:00:00] Accuracy: White
= 22%, Black = 86%.} 0-1

[Event "89_| Campeonato Brasileiro 2023"]
[Site "Recife"]
[Date "2023.12.14"]
[Round "1.7"]
[White "Santiago, Yago De Moura"]
[Black "Silveira, Leonardo De Lima"]
[Result "1-0"]
[WhiteElo "2476"]
[BlackElo "1683"]
[PlyCount "19"]
[EventDate "2023.??.??"]
[EventCountry "BRA"]
[TimeControl "90+30"]
[WhiteClock "1:29:06"]

{[%evp 9,19,32,44,50,59,54,87,88,179,177,199,155]} 1. d4 {[%emt 0:00:00]} Nf6 {
[%emt 0:00:00]} 2. c4 {[%emt 0:00:00]} g6 {[%emt 0:00:00]} 3. Nc3 {[%emt 0:00:
00]} d5 {[%emt 0:00:00]} 4. Nf3 {[%emt 0:00:00]} Bg7 {[%emt 0:00:00]} 5. h4 {
[%emt 0:00:00]} h5 {[%emt 0:00:00]} 6. Bg5 {[%emt 0:00:00] D90: Grünfeld: 4
Nf3 Bg7 sidelines.} c6 {[%emt 0:00:00]} 7. e3 {[%emt 0:00:00]} Bf5 {[%emt 0:00:
00]} 8. Qb3 {[%emt 0:00:00]} b6 $146 {[%eval 179,24] [%emt 0:00:00]} (8... Qb6
$16 {[%eval 88,26]}) ({Predecessor:} 8... O-O 9. Qxb7 Qb6 10. Qxb6 axb6 11.
Bxf6 Bxf6 12. cxd5 c5 13. dxc5 bxc5 14. Be2 Nd7 {1-0 (41) Bjelobrk,I (2396)
-Thiel,T (2238) Chess.com INT 2023}) 9. cxd5 $18 {[%emt 0:00:00]} O-O {[%emt 0:
06:00]} 10. Be2 {[%emt 0:00:00]} 1-0

[Event "89_| Campeonato Brasileiro 2023"]
[Site "Recife"]
[Date "2023.12.14"]
[Round "1.8"]
[White "Dos Santos, Leonardo Lopes"]
[Black "Matsuura, Everaldo"]
[Result "0-1"]
[WhiteElo "1672"]
[BlackElo "2418"]
[PlyCount "22"]
[EventDate "2023.??.??"]
[EventCountry "BRA"]
[TimeControl "90+30"]
[WhiteClock "1:29:21"]
[BlackClock "1:27:28"]

{[%evp 5,5,37]} 1. e4 {[%emt 0:02:00]} c5 {[%emt 0:02:00]} 2. Nf3 {[%emt 0:00:
00]} e6 {[%emt 0:00:00]} 3. Nc3 {[%emt 0:00:00] Predecessor:} Nc6 $146 4. a4
Nf6 5. Bb5 Qc7 6. O-O {B40: Sicilian: 2...e6, Unusual lines.} Nd4 7. h3 Qf4 8.
Nxd4 cxd4 9. Ne2 Qxe4 10. d3 Qh4 11. Bf4 a6 {0-1 (42) Demchenko,A (2609)
-Aronian,L (2723) Chess.com INT 2023} 0-1